Score 0/78 Timer 20:00
0 Plays Today
% Correct
Gomu Gomu no Mi
98.5%
Hana Hana no Mi
90.3%
Mera Mera no Mi
87.1%
Hito Hito no Mi
86.3%
Yami Yami no Mi
83.3%
Mero Mero no Mi
82.4%
Bara Bara no Mi
82%
Pika Pika no Mi
81.8%
Suna Suna no Mi
80.9%
Ito Ito no Mi
80.1%
Ope Ope no Mi
79.8%
Hie Hie no Mi
79.4%
Yomi Yomi no Mi
79.4%
Gura Gura no Mi
79.4%
Magu Magu no Mi
78.8%
Noro Noro no Mi
76.6%
Gasu Gasu no Mi
76.4%
Nikyu Nikyu no Mi
76.2%
Goro Goro no Mi
75.5%
Kage Kage no Mi
75.3%
Moku Moku no Mi
74.9%
Kilo Kilo no Mi
74.9%
Doku Doku no Mi
74.7%
Doru Doru no Mi
74.2%
Sube Sube no Mi
73.8%
Bane Bane no Mi
73.4%
Yuki Yuki no Mi
73%
Doa Doa no Mi
73%
Bomu Bomu no Mi
73%
Mane Mane no Mi
72.7%
Horo Horo no Mi
70.4%
Bari Bari no Mi
69.8%
Awa Awa no Mi
68.5%
Neko Neko no Mi Model Leopard
65.5%
Toge Toge no Mi
64.2%
Baku Baku no Mi
64.2%
Horu Horu no Mi
62.2%
Choki Choki no Mi
62%
Ushi Ushi no Mi Model Giraffe
62%
% Correct
Inu Inu no Mi Model Wolf
61.8%
Mogu Mogu no Mi
61.6%
Ori Ori no Mi
60.9%
Supa Supa no Mi
60.7%
Ishi Ishi no Mi
59.8%
Suke Suke no Mi
59.4%
Sui Sui no Mi
59.2%
Tori Tori no Mi Model Falcon
58.4%
Woshu Woshu no Mi
57.9%
Zou Zou no Mi
57.3%
Numa Numa no Mi
57.1%
Ato Ato no Mi
55.5%
Hebi Hebi no Mi Model Anaconda
54.9%
Uma Uma no Mi
54.1%
Chiyu Chiyu no Mi
53.6%
Beri Beri no Mi
53%
Ushi Ushi no Mi Model Bison
53%
Beta Beta no Mi
52.4%
Hobi Hobi no Mi
52.3%
Jake Jake no Mi
51.8%
Inu Inu no Mi Model Jackal
50.6%
Sabi Sabi no Mi
50.2%
Fuwa Fuwa no Mi
50.2%
Ton Ton no Mi
49.4%
Hebi Hebi no Mi Model King Cobra
49.4%
Mato Mato no Mi
48.9%
Nagi Nagi no Mi
48.6%
Guru Guru no Mi
47.6%
Giro Giro no Mi
46.7%
Hito Hito no Mi Model Daibutsu
45.9%
Shari Shari no Mi
42.5%
Pamu Pamu no Mi
40.4%
Buki Buki no Mi
37.1%
Hira Hira no Mi
34.4%
Sara Sara no Mi Model Axolotl
34.1%
Nui Nui no Mi
33.9%
Inu Inu no Mi Model Dachshund
25.8%
Mushi Mushi no Mi Model Kabutomushi
22.4%
Mushi Mushi no Mi Model Suzumebachi
21.4%

You're not logged in!

Compare scores with friends on all Sporcle quizzes.
OR
Log In

Sporcle TV

Today on Sporcle TV


Watch our educational content, quiz creation guides, and fun videos on Sporcle TV.

Show Comments

Extras

Top Quizzes Today


Score Distribution

Paid Content

Your Account Isn't Verified!

In order to create a playlist on Sporcle, you need to verify the email address you used during registration. Go to your Sporcle Settings to finish the process.

Report this User

Report this user for behavior that violates our Community Guidelines.

Details: